[Event "Hoogeveen"]
[Site "Essent 8"]
[Date "2004.10.17"]
[Round "1"]
[White "Stellwagen, Daniel"]
[Black "Carlsen, Magnus"]
[Result "1-0"]
[WhiteElo "2512"]
[BlackElo "2581"]
[Annotator "JvR"]
[PlyCount "105"]
[EventDate "2004.10.17"]
[SourceDate "1998.01.31"]

{Stellwagen and Carlsen were 17 and nearly 14 years old during the event.} 1.
e4 c5 2. Nf3 Nc6 3. Bb5 g6 4. O-O Bg7 5. Re1 Nf6 6. e5 Nd5 7. Nc3 Nc7 8. Bxc6
dxc6 9. Ne4 Ne6 10. d3 O-O 11. Be3 b6 12. Qd2 f5 13. exf6 exf6 14. Bh6 a5 15.
Bxg7 Kxg7 16. Ng3 Ra7 17. h4 h5 18. Re4 $5 ({Known is} 18. Qc3) 18... Re7 19.
Rae1 Rfe8 20. Qe3 Kf7 $5 21. Qh6 Rh8 22. Qd2 Rhe8 23. a3 Ng7 24. Qf4 Ne6 $6 (
24... Rxe4 25. dxe4 Ne6 {defends solidly.}) 25. Ne5+ $1 Kg7 26. Nxh5+ $1 {
Stellwagen applies ingenious tactics.} gxh5 27. Qg3+ Kh8 $2 {
Carlsen misses a brilliant resource.} (27... Kf8 $1 28. Nxc6 Qc7 29. Nxe7 Qxg3
30. fxg3 Rxe7 31. c3 Kf7 32. d4 cxd4 33. cxd4 Bb7 34. R4e2 Bd5 {
survives the attack.}) 28. Nxc6 $1 Qc7 29. Nxe7 Qxe7 (29... Qxg3 30. fxg3 Rxe7
31. c3 $1 Bd7 32. d4 cxd4 33. cxd4 Re8 34. d5 Ng7 35. Rxe8+ Nxe8 36. Re7 Bb5
37. Rb7 {wins for White (Short).}) 30. Qg6 Bd7 31. Qxh5+ Qh7 32. Qxh7+ Kxh7 33.
g4 Kg7 34. f4 Kf7 35. f5 Nd4 36. Rxe8 Bxe8 37. Kf2 Nxc2 38. Re6 b5 39. g5 fxg5
40. hxg5 Bd7 41. g6+ Kg8 42. Re5 Nd4 43. f6 Ne6 44. Rd5 Be8 45. Rd6 Bxg6 46.
Rxe6 Bxd3 47. Ke3 Kf7 48. Rb6 Bf1 49. Kf4 b4 50. Ke5 Be2 51. Rb7+ Kf8 52. Ra7
c4 53. Rxa5 {Stellwagen won in a subtle way.} 1-0

[Event "Hoogeveen"]
[Site "Essent 8"]
[Date "2004.10.18"]
[Round "2"]
[White "Short, Nigel"]
[Black "Stellwagen, Daniel"]
[Result "1-0"]
[WhiteElo "2687"]
[BlackElo "2512"]
[Annotator "JvR"]
[PlyCount "75"]
[EventDate "2004.10.17"]
[SourceDate "1998.01.31"]

1. e4 c5 2. Nf3 e6 3. d4 cxd4 4. Nxd4 Nc6 5. Nc3 Qc7 6. Be2 a6 7. O-O Nf6 8.
Kh1 Nxd4 9. Qxd4 Bc5 10. Qd3 b5 11. f4 Bb7 12. Bf3 h5 13. e5 Ng4 14. Bxb7 Qxb7
15. Ne4 Rc8 16. a4 b4 17. c4 bxc3 18. bxc3 O-O $5 ({The alternative is} 18...
Be7) 19. h3 Nh6 20. Qf3 $1 {White threatens Nf6+!} Qb3 $1 21. Qxh5 Nf5 22. Kh2
Be7 23. Bd2 Rc4 24. Qe2 Rxa4 $5 {The capture is premature.} ({Preferable is} 
24... Rfc8 $1 25. Qd3 Qb7) 25. Rxa4 Qxa4 26. g4 d5 $5 (26... Nh4 27. f5 Rc8 28.
f6 Bf8 {looks risky for practical play.}) 27. Nf6+ $1 Bxf6 28. gxf5 ({Or} 28.
exf6 Nd6 29. fxg7 Re8 $1 {(Short).}) 28... Bd8 29. f6 g6 $2 ({Better is} 29...
Qe4 $1 30. Qxe4 dxe4 31. Rg1 g6) 30. Qg4 $1 Qb5 31. Rf2 Bb6 32. Rg2 Rb8 33. Qh5
$1 {He threatens Rxg6+!} Qe8 34. f5 $1 exf5 35. Qh6 $1 ({He avoids the trap} 
35. e6 $4 Bc7+ 36. Kh1 Rb1+ {and Black wins.}) 35... Qxe5+ 36. Bf4 Qxf6 37.
Bxb8 Qxc3 38. Bd6 $1 {Short attacked brilliantly.} 1-0

[Event "Hoogeveen"]
[Site "Essent 8"]
[Date "2004.10.18"]
[Round "2"]
[White "Sokolov, Ivan"]
[Black "Carlsen, Magnus"]
[Result "1-0"]
[WhiteElo "2663"]
[BlackElo "2581"]
[Annotator "JvR"]
[PlyCount "101"]
[EventDate "2004.10.17"]
[SourceDate "1998.01.31"]

1. d4 Nf6 2. c4 e6 3. Nf3 d5 4. Nc3 Be7 5. Bf4 O-O 6. e3 Nbd7 7. c5 c6 8. h3 b6
9. b4 a5 10. a3 Ba6 11. Bxa6 Rxa6 12. O-O Qa8 13. Nd2 $5 ({The alternative is} 
13. Rb1) 13... Qb7 14. Rb1 axb4 15. axb4 Ra3 16. Qc2 Rfa8 17. Rfc1 bxc5 $6 18.
bxc5 {The opening of the b-file helps White.} Qa6 19. Nb3 Bd8 20. Qb2 Qc4 21.
Nd2 Qa6 22. Nf3 $1 h6 $5 23. Ne1 $1 {The knight moves to the queenside.} Ne4
24. Nxe4 dxe4 25. Nc2 Ra2 26. Qb3 $1 Qe2 $6 ({More solid is} 26... Qc8 27. Nb4
R2a4 {(Dautov).}) 27. Bg3 $1 Nf6 28. Nb4 R2a3 $2 {
Carlsen misses a brilliant defence.} ({Correct is} 28... Bc7 $3 29. Bh4 g5 30.
Nxa2 Rxa2 31. Re1 Qd2 32. Rbd1 Rb2 $1 33. Qc4 Rc2 $1) 29. Qc4 $1 Qxc4 30. Rxc4
Ra1 ({The pointe is} 30... Rc8 31. Nxc6 $1) 31. Rcc1 Rxb1 32. Rxb1 Rc8 33. Nxc6
$1 Rxc6 34. Rb8 Kh7 35. Rxd8 Nd5 36. Rd7 Kg6 37. Ra7 Rc8 38. Kf1 Nb4 39. f3 Nc6
40. Rb7 f5 41. Bd6 Na5 42. Rd7 Nc4 43. Kf2 Ra8 44. fxe4 fxe4 45. Bf4 Kf6 46. c6
g5 47. Bg3 Ra2+ 48. Kg1 Ra1+ 49. Kh2 Kg6 50. c7 Nxe3 51. c8=Q {
Sokolov won his second game.} 1-0

[Event "Hoogeveen"]
[Site "Essent 8"]
[Date "2004.10.19"]
[Round "3"]
[White "Carlsen, Magnus"]
[Black "Short, Nigel"]
[Result "1-0"]
[WhiteElo "2581"]
[BlackElo "2687"]
[Annotator "JvR"]
[PlyCount "107"]
[EventDate "2004.10.17"]
[SourceDate "1998.01.31"]

1. d4 Nf6 2. c4 e6 3. Nf3 d5 4. Nc3 Be7 5. Bf4 O-O 6. e3 c5 7. dxc5 Bxc5 8.
cxd5 Nxd5 9. Nxd5 exd5 10. a3 Nc6 11. Bd3 Bb6 12. O-O d4 13. e4 Bg4 14. h3 Bh5
15. g4 Bg6 16. Nd2 f6 17. Rc1 Kh8 18. Nc4 Bc7 19. Bxc7 Qxc7 20. f4 Rae8 $5 ({
Known is} 20... Bf7) 21. Qf3 Qe7 22. Rce1 Bf7 23. Nd2 g5 $5 24. Bb5 a6 $2 {
White gets the chance to ruin the hostile posituion.} (24... Be6 25. fxg5 fxg5
26. Qd3 Rxf1+ 27. Rxf1 Qd6 {defends properly.}) 25. Bxc6 bxc6 26. fxg5 fxg5 27.
Qf6+ $1 Kg8 $2 {Exchange prolongs the game.} 28. Qxd4 c5 29. Qf6 Qxf6 30. Rxf6
Rb8 31. Nf3 Rxb2 32. Nxg5 Ba2 33. Rxf8+ Kxf8 34. Nxh7+ Ke7 35. Ng5 c4 36. Rc1
Rb3 37. Kf2 c3 38. e5 Rxa3 39. Ne4 c2 40. Rxc2 Rxh3 41. Rc7+ Kd8 42. Ra7 Bc4
43. g5 Rh4 44. Nd6 Be6 45. g6 Rg4 46. g7 a5 47. Kf3 Rg1 48. Nb7+ Ke8 49. Nc5
Bf7 50. Ne4 Rxg7 51. Nd6+ Kf8 52. Ra8+ Ke7 53. Nf5+ Kd7 54. Ra7+ {
The young man defeated a strong opponent.} 1-0

[Event "Hoogeveen"]
[Site "Essent 8"]
[Date "2004.10.19"]
[Round "3"]
[White "Stellwagen, Daniel"]
[Black "Sokolov, Ivan"]
[Result "0-1"]
[WhiteElo "2512"]
[BlackElo "2663"]
[Annotator "JvR"]
[PlyCount "78"]
[EventDate "2004.10.17"]
[SourceDate "1998.01.31"]

1. e4 e5 2. Nf3 Nc6 3. Bb5 a6 4. Ba4 Nf6 5. O-O Be7 6. Re1 b5 7. Bb3 d6 8. c3
O-O 9. h3 Na5 10. Bc2 c5 11. d4 cxd4 12. cxd4 Bb7 13. Nbd2 Nc6 14. d5 Nb4 15.
Bb1 a5 16. Nf1 Na6 17. Ng3 Bc8 18. Be3 Qc7 $5 (18... Rb8 {
happened in Unzicker - Portisch, Hastings 1969.}) 19. Nh2 $6 ({Preferable is} 
19. Bd3) 19... Bd7 20. Ng4 Nxg4 21. hxg4 g6 22. Bd3 Nc5 23. Rc1 Qd8 $1 24. Bxc5
$6 ({Better is} 24. Bc2 Bg5 25. Nf1) 24... dxc5 25. b3 a4 26. Nf1 axb3 27. axb3
Qb6 28. Qe2 Ra3 29. Rb1 Rfa8 30. Ne3 Bd6 31. Red1 Kg7 32. Qf3 Qd8 $5 33. g3 $5
Ra2 34. Kg2 Qg5 35. Rh1 h6 36. Bc2 $2 {Stellwagen misses the decisive tactics.}
({Right is} 36. Rhe1 $1 R8a3 37. Re2) 36... c4 $1 37. bxc4 Bc5 $1 38. Bb3 Bxe3
$1 39. Bxa2 Rxa2 {The standings after one cycle became: Sokolov 3/3,
Stellwagen, Short and Carlsen 1. All games were decided.} 0-1

[Event "Hoogeveen"]
[Site "Essent 8"]
[Date "2004.10.21"]
[Round "4"]
[White "Carlsen, Magnus"]
[Black "Stellwagen, Daniel"]
[Result "0-1"]
[WhiteElo "2581"]
[BlackElo "2512"]
[Annotator "JvR"]
[PlyCount "90"]
[EventDate "2004.10.17"]
[SourceDate "1998.01.31"]

1. e4 c6 2. d4 d5 3. Nc3 dxe4 4. Nxe4 Bf5 5. Ng3 Bg6 6. h4 h6 7. Nf3 Nd7 8. h5
Bh7 9. Bd3 Bxd3 10. Qxd3 Ngf6 11. Bf4 e6 12. O-O-O Nd5 13. Bd2 Nb4 14. Qb3 a5
15. Kb1 a4 16. Qe3 Nd5 17. Qe2 b5 18. Ne5 Nxe5 19. dxe5 Qb6 20. Rh3 $5 a3 21.
b3 Qd4 22. c3 Qxc3 $1 {Black gains a pawn.} 23. Be1 $6 (23. Bxc3 Nxc3+ 24. Kc2
Nxe2 25. Nxe2 Rg8 {brings a black edge.}) 23... Qb2+ $1 24. Qxb2 axb2 25. Kxb2
Nf4 $1 26. Rh2 c5 {Black has a positional plus instead of an extra pawn.} 27.
Ne4 c4 28. Kb1 Ba3 29. g3 Nd3 $1 30. Bc3 O-O 31. f4 Rfd8 32. Rhd2 Rd5 33. Ba1
Bb4 34. Bc3 Ba3 35. Ba1 Rd7 36. Rc2 Rb8 $5 ({The alternative is} 36... Rad8 37.
Rdd2 Rd5 38. Nc3 Rc5 {(Lukacs).}) 37. Nc3 $2 ({Correct is} 37. Rcd2) 37... b4
38. Ne4 c3 $1 {A bishop has been imprisoned.} 39. Nd6 Nc5 40. Re2 Nb7 $1 41.
Re4 Nxd6 42. exd6 Rb5 43. Rc4 Rxh5 44. Rc7 Rxc7 $1 45. dxc7 Rc5 $1 {
Stellwagen defeated Carlsen for the second time.} 0-1

[Event "Hoogeveen"]
[Site "Essent 8"]
[Date "2004.10.21"]
[Round "4"]
[White "Short, Nigel"]
[Black "Sokolov, Ivan"]
[Result "1-0"]
[WhiteElo "2687"]
[BlackElo "2663"]
[Annotator "JvR"]
[PlyCount "133"]
[EventDate "2004.10.17"]
[SourceDate "1998.01.31"]

1. e4 e5 2. Nf3 Nc6 3. Bb5 a6 4. Ba4 Nf6 5. O-O Be7 6. Re1 b5 7. Bb3 d6 8. c3
O-O 9. d4 Bg4 10. a4 Bxf3 11. gxf3 Na5 12. Ba2 c5 $5 13. Na3 Qb8 14. f4 $5 cxd4
15. cxd4 Nc6 16. Nc2 bxa4 17. Bb1 $5 Bd8 $6 {Short refused the offer of a draw.
} ({Preferable is} 17... Qb5 $1 18. Na3 Qb3) 18. Rxa4 Bb6 19. d5 Ne7 $6 ({
More active is} 19... Nd4 $5 20. fxe5 Nxc2 21. Bxc2 dxe5) 20. f5 Qa7 21. Qf3
Kh8 22. Na3 Qd7 23. b3 Bc5 24. Bd2 Rfb8 25. Bc2 Ne8 26. Kh1 f6 27. Rg1 $1 {
White makes a slow progress.} Nc7 28. b4 Bd4 29. Rg3 Rc8 30. Bd1 $5 Nb5 $1 31.
Nxb5 $6 (31. Qg4 Ng8 32. Qe2 {keeps an edge.}) 31... axb5 32. Rxa8 Rxa8 33. Rh3
Qe8 $1 {The chances are equal.} 34. Kg2 Ra2 35. Be1 Ra1 36. Bd2 Ra2 37. Qd3 $5
g6 38. fxg6 Nxg6 $6 ({Better is} 38... Qxg6+ $1 39. Rg3 Qf7) 39. Bh5 $1 Qf7 40.
Bxg6 Qxg6+ 41. Rg3 Rxd2 $2 (41... Qe8 $1 42. Be3 Bxe3 43. Qxe3 {(Short)} Qd8 {
defends passively.}) 42. Qxd2 Qxe4+ 43. f3 Qxd5 44. Qc2 Qa8 45. Qc7 Qf8 46. Qd7
Be3 47. Kf1 $6 (47. Kh1 $1 Bd2 48. Qxb5 {wins immediately.}) 47... Bg5 $6 (
47... Bd2 48. Rg2 Bxb4 49. Qb7 {favours White.}) 48. f4 $1 Qa8 $5 49. fxg5 Qh1+
50. Kf2 Qxh2+ 51. Rg2 Qf4+ 52. Kg1 Qc1+ 53. Kh2 Qf4+ 54. Rg3 Qf2+ 55. Kh3 Qf1+
56. Kh4 $5 Qh1+ 57. Rh3 Qe4+ 58. Qg4 $1 fxg5+ 59. Kxg5 Qg6+ 60. Kh4 Qh6+ 61.
Kg3 Qe3+ 62. Kg2 Qd2+ 63. Kh1 Qe1+ 64. Kh2 Qd2+ 65. Qg2 Qf4+ 66. Rg3 e4 $5 {
He runs out of checks.} 67. Qb2+ {Sokolov was stopped after the restday.} 1-0

[Event "Hoogeveen"]
[Site "Essent 8"]
[Date "2004.10.22"]
[Round "5"]
[White "Sokolov, Ivan"]
[Black "Stellwagen, Daniel"]
[Result "1-0"]
[WhiteElo "2663"]
[BlackElo "2512"]
[Annotator "JvR"]
[PlyCount "79"]
[EventDate "2004.10.17"]
[SourceDate "1998.01.31"]

1. d4 Nf6 2. c4 g6 3. Nc3 Bg7 4. e4 d6 5. Bg5 O-O 6. Qd2 c5 7. d5 b5 8. cxb5 a6
9. bxa6 Bxa6 10. Bxa6 Nxa6 {Black's pawn sacrifice slightly favours White.} 11.
Nf3 $5 ({Usual is} 11. Nge2 $5) 11... c4 $1 12. O-O Nc5 $1 13. Qe2 Nd3 14. Ne1
Qb6 $5 ({Preferable is} 14... Nc5 $1 15. Qxc4 $5 Nfxe4 $1 16. Nxe4 Ra4) 15. Rb1
$5 Qa6 16. Nxd3 cxd3 17. Qd2 Rfc8 18. Rfd1 $5 Rxc3 $1 {
Stellwagen delivers a fine positional sacrifice.} 19. Qxc3 Nxe4 20. Qe1 $1 (20.
Qc1 $6 Bd4 $1 21. Be3 Rc8 22. Bxd4 Rxc1 23. Rbxc1 f5 {
brings a complicated position.}) 20... Nxg5 21. h4 Qxa2 22. Qxe7 $1 Nh3+ $5 ({
The alternative is} 22... Nf3+ $1 23. gxf3 Be5) 23. gxh3 Bxb2 $2 ({Right is} 
23... Be5 24. Qb7 Kg7 {(Sokolov)} 25. Qb5 {and White has a plus.}) 24. Qxd6 Bd4
25. Rb8+ Rxb8 26. Qxb8+ Kg7 27. Qg3 Qe2 28. Qxd3 Qxf2+ 29. Kh1 Be5 $5 30. Rd2
Qe1+ 31. Kg2 Bd6 32. h5 $1 gxh5 33. Re2 Qh4 34. Qf5 h6 35. Kh1 Qc4 36. Rf2 Qc7
37. Qf6+ Kg8 38. Qxh6 Bg3 39. Re2 Qd8 40. Qxh5 {Sokolov won again.} 1-0

[Event "Hoogeveen"]
[Site "Essent 8"]
[Date "2004.10.23"]
[Round "6"]
[White "Stellwagen, Daniel"]
[Black "Short, Nigel"]
[Result "1/2-1/2"]
[WhiteElo "2512"]
[BlackElo "2687"]
[Annotator "JvR"]
[PlyCount "93"]
[EventDate "2004.10.17"]
[SourceDate "1998.01.31"]

1. e4 e5 2. Nf3 Nc6 3. Bb5 a6 4. Ba4 Nf6 5. O-O Be7 6. Re1 b5 7. Bb3 d6 8. c3
O-O 9. h3 Nb8 10. d4 Nbd7 11. Nbd2 Bb7 12. Bc2 Re8 13. Nf1 Bf8 14. Ng3 g6 15.
a4 c5 16. d5 c4 17. Bg5 h6 18. Be3 Nc5 19. Kh1 Rb8 20. Qd2 h5 21. axb5 axb5 22.
Ng5 Bg7 $5 (22... Bh6 23. f4 h4 24. fxe5 Rxe5 25. Nf3 Bxe3 26. Qxe3 Re8 27.
Nxh4 {drew in Jansa - Van der Sterren, Kerteminde 1991.}) 23. f4 exf4 24. Bxf4
h4 25. Nf1 Nh5 26. Be3 Bf6 27. Nh2 Bc8 $5 28. Nhf3 Ng3+ 29. Kh2 Ncxe4 30. Nxe4
Nxe4 31. Bxe4 Rxe4 32. Ba7 $5 (32. Bb6 $1 Qxb6 33. Rxe4 {favours White.}) 32...
Rxe1 33. Rxe1 Ra8 34. Bd4 Bd7 35. Qf4 Bxd4 36. Nxd4 Ra6 37. Ne6 $5 Bxe6 $5 (
37... fxe6 38. dxe6 Be8 39. e7 Qd7 40. Qf8+ Kh7 41. Rf1 d5 42. Rf7+ Bxf7 43.
Qxf7+ Kh6 {draws by perpetual check.}) 38. dxe6 Ra7 39. Qd4 $5 Qg5 40. Qxd6 $5
Re7 41. exf7+ Kxf7 42. Rf1+ Kg7 43. Kh1 Qe5 44. Qd8 Kh7 45. Qf8 Rd7 46. Qf2 Qg5
47. Qf8 {Both sides cannot play for a win. The final standings: Sokolov 41/2/6,
Short 3, Stellwagen 21/2, Carlsen 2. Magnus had a long way to go until he
became the world champion.} 1/2-1/2

[Event "Hoogeveen"]
[Site "Essent 9"]
[Date "2005.10.23"]
[Round "1"]
[White "Stefanova, Antoaneta"]
[Black "Sokolov, Ivan"]
[Result "1/2-1/2"]
[WhiteElo "2494"]
[BlackElo "2696"]
[Annotator "JvR"]
[PlyCount "112"]
[EventDate "2005.10.21"]
[SourceDate "1998.01.31"]

{The ninth Essent tournament was played in Hoogeveen from 23 until 29 x 2005.
Participants of the crown group were Sutovsky as the experienced player,
Harikrishna as the youth champion, Stefanova as the female world champion and
Sokolov as best Dutchman.} 1. d4 d5 2. c4 e6 3. Nf3 Nf6 4. Nc3 Nbd7 5. cxd5
exd5 6. Bg5 Be7 7. e3 c6 8. Qc2 Nh5 9. Bxe7 Qxe7 10. O-O-O Nb6 11. Ne5 g6 12.
g4 Nf6 $5 ({The alternative is} 12... Ng7) 13. Rg1 Be6 14. Bd3 Nfd7 15. Nxd7
Qxd7 {The chances are equal.} 16. h3 h5 17. Rde1 O-O-O ({The pointe is} 17...
hxg4 18. hxg4 Bxg4 19. Bxg6 $1 {(Sokolov).}) 18. Qd1 $5 hxg4 19. hxg4 Rh2 20.
f4 $6 ({Preferable is} 20. f3 $1 Rdh8 21. Kb1) 20... Rdh8 21. Re2 R2h3 22. Rf2
Qe7 23. f5 Bd7 24. Rf3 Qg5 25. fxg6 fxg6 26. Qf1 R3h4 27. Nd1 $6 ({
More active is} 27. Rf8+) 27... Rxg4 28. Rxg4 Bxg4 $5 29. Rg3 $5 Qh4 $1 30. Qf4
Bxd1 31. Qxh4 Rxh4 32. Kxd1 Rh2 33. Rxg6 Rxb2 $6 (33... Na4 $1 34. Bf5+ Kd8 35.
Rg7 Rf2 36. Be6 Nxb2+ 37. Ke1 Nd3+ 38. Kd1 Rf6 39. Bg8 Kc8 {keeps a plus.}) 34.
Rg8+ Kc7 35. Rg7+ Kd6 36. Rg6+ Ke7 37. Rg7+ Ke6 38. Rxb7 Rxa2 39. Rh7 Na4 40.
Kc1 Nc3 41. Bg6 Ne2+ 42. Kd1 Nc3+ 43. Kc1 a5 44. Be8 a4 45. Rh6+ $5 Ke7 46.
Rxc6 Ne2+ 47. Kb1 Ra3 48. Bh5 Rb3+ 49. Ka1 Nc3 50. Bg6 Ne4 51. Ra6 a3 52. Ka2
Rxe3 53. Rxa3 Nc3+ 54. Kb2 Nd1+ 55. Ka2 Re2+ 56. Kb1 Ne3 {
Black delivers perpetual check.} 1/2-1/2

[Event "Hoogeveen"]
[Site "Essent 9"]
[Date "2005.10.23"]
[Round "1"]
[White "Sutovsky, Emil"]
[Black "Harikrishna, Penteala"]
[Result "1/2-1/2"]
[WhiteElo "2654"]
[BlackElo "2673"]
[Annotator "JvR"]
[PlyCount "125"]
[EventDate "2005.10.21"]
[SourceDate "1998.01.31"]

1. e4 e5 2. Nf3 Nc6 3. Bb5 a6 4. Ba4 Nf6 5. O-O Be7 6. Re1 b5 7. Bb3 d6 8. c3
O-O 9. h3 Nb8 10. d4 Nbd7 11. Nbd2 Bb7 12. Bc2 Re8 13. Nf1 Bf8 14. Ng3 g6 15.
Bg5 h6 16. Bd2 Bg7 17. Qc1 Kh7 18. h4 c5 19. d5 c4 20. h5 $5 Nxh5 21. Nxh5 gxh5
22. g3 Nc5 23. b4 Nd3 $1 24. Bxd3 cxd3 25. Nh4 $5 Bc8 26. Kg2 f5 27. Qd1 $6 (
27. Qb1 $1 {attacks the extra black pawn.}) 27... fxe4 28. Qxh5 Qf6 29. Rxe4
Bb7 30. Rg4 Bxd5+ 31. f3 Bf7 32. Qf5+ Qxf5 33. Nxf5 Bg6 34. Nxd6 Red8 $6 (34...
Rf8 35. Rh4 a5 {keeps a plus.}) 35. Ne4 a5 36. bxa5 Rxa5 37. c4 Raa8 38. cxb5
Rdb8 39. a4 Rxb5 $1 40. axb5 Rxa1 41. Kf2 Rb1 42. Nc3 $6 (42. Ke3 Rxb5 43. Kxd3
{equalises.}) 42... Rb2 43. Ke3 h5 44. Rxg6 $5 Kxg6 45. Kxd3 e4+ 46. fxe4 Bxc3
47. Kxc3 Rxb5 48. Bf4 Kf6 49. Kd3 Ke6 50. Ke2 Rb7 51. Kf3 Rg7 52. Ke3 Rg4 53.
Bb8 Kd7 54. Kd4 Kc6 55. Be5 Rg5 56. Bf4 Rb5 57. Bh6 Kd6 58. Bf4+ Ke6 59. Ke3
Rb3+ 60. Kf2 Rb2+ 61. Kf3 Rb3+ 62. Kg2 Ra3 63. Kf2 {
Black has a better ending, but he cannot win.} 1/2-1/2

[Event "Hoogeveen"]
[Site "Essent 9"]
[Date "2005.10.24"]
[Round "2"]
[White "Sokolov, Ivan"]
[Black "Sutovsky, Emil"]
[Result "1-0"]
[WhiteElo "2696"]
[BlackElo "2654"]
[Annotator "JvR"]
[PlyCount "91"]
[EventDate "2005.10.21"]
[SourceDate "1998.01.31"]

1. d4 Nf6 2. c4 g6 3. Nc3 d5 4. Bg5 Ne4 5. Bh4 Nxc3 6. bxc3 dxc4 7. e3 Be6 8.
Nf3 c6 9. Ng5 Bd5 10. e4 h6 11. exd5 hxg5 12. dxc6 Nxc6 13. Bxg5 Qd5 14. h4 Bh6
$5 ({Known is} 14... Bg7) 15. Bxh6 Rxh6 16. Be2 Qe4 $5 17. Qd2 (17. f3 $1 {
will become a novelty.}) 17... Rxh4 18. O-O-O Rxh1 19. Rxh1 O-O-O 20. Bf3 Qe6
21. Qc2 Qd7 22. Qa4 Ne5 $5 23. Qxd7+ Nxd7 24. Rh7 Rf8 25. Bd5 e6 26. Bxc4 {
White has regained his pawn and reached equality.} Nf6 27. Rh1 Kd7 28. Bd3 Ng4
$6 {The knight is going to make a useless trip.} 29. f3 Ne3 $5 30. g3 Nf5 31.
g4 Nd6 32. Rh7 $1 Rc8 33. Kd2 Ke8 34. Rh8+ Kd7 35. Rxc8 Nxc8 36. g5 $1 {
Black pawns are restricted in the bishop versus knight ending.} Ne7 37. c4 Nc6
38. Kc3 b6 $2 (38... e5 $1 39. dxe5 Nxe5 40. Be4 {(Krasenkow).} b6 {
should draw.}) 39. Be4 Ne7 40. f4 Nc8 $5 41. c5 $1 Ne7 42. Kc4 Kc7 43. Kb5 $1
Nf5 $2 (43... bxc5 $1 44. Kxc5 Nc8 $1 45. d5 Nd6 46. Bf3 Nb7+ 47. Kd4 exd5 48.
Bxd5 Nd8 49. Ke5 Kd7 50. Kf6 Ke8 {seems to build a small fortress timely.}) 44.
Bxf5 gxf5 45. Kc4 Kc6 46. a4 $1 {Black cannot stop the advance d4-d5.} 1-0

[Event "Hoogeveen"]
[Site "Essent 9"]
[Date "2005.10.24"]
[Round "2"]
[White "Stefanova, Antoaneta"]
[Black "Harikrishna, Penteala"]
[Result "0-1"]
[WhiteElo "2494"]
[BlackElo "2673"]
[Annotator "JvR"]
[PlyCount "80"]
[EventDate "2005.10.21"]
[SourceDate "1998.01.31"]

1. d4 d5 2. c4 c6 3. e3 Nf6 4. Nc3 e6 5. Nf3 Nbd7 6. Bd3 dxc4 7. Bxc4 b5 8. Be2
Bb7 9. O-O Be7 10. a3 a5 11. Bd2 O-O 12. Qc2 Qb8 13. Rab1 b4 14. Na4 c5 15.
Nxc5 Bxc5 $1 {Harikrishna delivers a novelty.} 16. dxc5 Be4 17. Bd3 b3 18. Qc3
Nxc5 19. Bxe4 Ncxe4 20. Qc4 a4 21. Bb4 Rc8 22. Qd4 Qc7 23. Rfc1 $2 Qxc1+ $1 24.
Rxc1 Rxc1+ {The exchange favours Black.} 25. Ne1 e5 $1 26. Qd3 ({The pointe is
} 26. Qxe5 $2 Nxf2 $1) 26... Ng5 $2 (26... Rac8 27. f3 h6 $1 28. fxe4 R8c2 {
wins for Black.}) 27. Qb5 h6 28. Qxe5 Rd8 29. Qa5 Rdd1 30. h4 Nge4 31. f3 Nd5
$5 32. Qxa4 $2 (32. fxe4 $1 Nxb4 33. axb4 Rxe1+ 34. Kh2 Rc2 35. Qxa4 Ree2 36.
Qxb3 Rxg2+ 37. Kh3 Rh2+ {leads to perpetual check.}) 32... Nef6 $1 33. Ba5 Nxe3
34. Qxb3 Nc2 35. Qb8+ $6 (35. Bc3 Nxe1 36. Kh2 {prolongs the game.}) 35... Kh7
36. Qf4 $5 Nxe1 37. Kh2 Nxf3+ $1 38. Qxf3 ({Or} 38. gxf3 Rc2+ 39. Kh3 Rh1+ 40.
Kg3 Nh5+) 38... Rh1+ 39. Kg3 Rcf1 40. Qe2 g6 {Sokolov and Harikrishna led.} 0-1

[Event "Hoogeveen"]
[Site "Essent 9"]
[Date "2005.10.25"]
[Round "3"]
[White "Harikrishna, Penteala"]
[Black "Sokolov, Ivan"]
[Result "1-0"]
[WhiteElo "2673"]
[BlackElo "2696"]
[Annotator "JvR"]
[PlyCount "79"]
[EventDate "2005.10.21"]
[SourceDate "1998.01.31"]

1. e4 e5 2. Nf3 Nc6 3. Bc4 Bc5 4. c3 Nf6 5. d3 a6 6. Bb3 O-O 7. O-O d6 8. h3
Ba7 9. Be3 Bxe3 $5 10. fxe3 Ne7 $5 11. Nh4 Ng6 12. Nf5 c6 13. Nd2 d5 14. Qf3
Be6 15. d4 a5 16. exd5 cxd5 17. dxe5 Nxe5 18. Qg3 Ng6 19. Nd4 $1 Qb6 20. Rab1
Bd7 21. Bc2 Rae8 22. b4 $5 {White weakens his pawn structure.} Re7 $1 23. bxa5
Qxa5 24. Rxb7 Qxc3 25. Nb1 Rxe3 $5 26. Nxc3 Rxg3 27. Nce2 $1 Bc8 28. Ra7 Re3
29. a4 $1 {White has a great compensation for the pawn.} Ne5 30. Rb1 Ra3 $2 ({
Better is} 30... Bd7 31. a5 Ra3 32. Bb3 $5 Rb8) 31. Bb3 $1 {
A rook is locked up.} Be6 $6 (31... Bd7 32. Nc2 Rxb3 33. Rxb3 Nc6 {
offers more resistance (Lukacs).}) 32. Nc3 Rc8 33. Ncb5 Rxb3 34. Nxb3 h5 35.
N3d4 Rc4 36. a5 Ra4 37. a6 Kh7 38. Ra8 Nc4 39. a7 Ra2 40. Re1 {
Harikrishna took the sole lead. It became the decisive game of the tournament.}
1-0

[Event "Hoogeveen"]
[Site "Essent 9"]
[Date "2005.10.25"]
[Round "3"]
[White "Sutovsky, Emil"]
[Black "Stefanova, Antoaneta"]
[Result "1-0"]
[WhiteElo "2654"]
[BlackElo "2494"]
[Annotator "JvR"]
[PlyCount "101"]
[EventDate "2005.10.21"]
[SourceDate "1998.01.31"]

1. e4 e5 2. Nf3 Nc6 3. Bb5 a6 4. Ba4 Nf6 5. O-O Be7 6. Re1 b5 7. Bb3 d6 8. c3
O-O 9. h3 Na5 10. Bc2 c5 11. d4 Qc7 12. d5 Bd7 13. b3 Rfe8 14. Kh2 $5 ({
Usual is} 14. Nbd2) 14... g6 15. g4 h5 $5 16. g5 Nh7 17. Rg1 c4 18. b4 Nb7 {
Black's knights are restricted.} 19. Nbd2 $5 Qc8 $5 20. Rg3 {
White dreams of an attack on the kingside.} h4 $6 ({Preferable is} 20... a5 $1)
21. Nxh4 Bxg5 22. Ndf3 $1 Bf6 23. Qg1 $1 Qd8 $2 (23... Kf8 $1 24. Rxg6 fxg6 25.
Qxg6 Ke7 26. Qxh7+ Kd8 {defends swell.}) 24. Bh6 $1 a5 25. Rxg6+ $1 fxg6 26.
Qxg6+ Kh8 27. Qf7 $6 (27. Ng5 $1 Nxg5 28. Bxg5 {wins quickly (Sutovsky).})
27... Rg8 28. Rg1 Qe7 29. Ng6+ Rxg6 30. Qxg6 Rf8 $5 31. Nh4 Be8 32. Qg4 axb4
33. cxb4 Qf7 34. Bxf8 Qxf8 35. Nf5 Bg5 36. h4 Bf6 37. Nh6 Bg7 38. Nf5 Bf6 39.
Rg3 $1 Bd7 40. Ra3 Nd8 (40... Bxf5 41. Qxf5 Bxh4 42. Qxf8+ Nxf8 43. Kg2 {
wins for White.}) 41. Ra7 Bxf5 42. Qxf5 Nf7 43. Kg2 $1 Qg7+ 44. Kf1 Nf8 45. Bd1
Ng6 46. Qc8+ Bd8 47. Rxf7 $1 Qxf7 48. Qxd8+ Kh7 49. Bg4 Qf4 50. Bf5 Kh6 51.
Qxd6 $1 {The standings after one cycle was: Harikrishna 21/2, Sokolov and
Sutovsky 11/2, Stefanova 1/2.} 1-0